000 01164nam a22002297a 4500
003 OSt
005 20230823105935.0
008 221006b |||||||| |||| 00| 0 eng d
040 _cBiblioteca Lado V
082 _a792
_bS349p
100 _9959
_aSchmidt, Carlos
245 _aPropuesta/
_bRevista de Memoria Escénica/
260 _c2012
_bCentro de Documentación y Archivo en Artes Escénicas
_aCosta Rica
300 _c21.5x28cm
_a39p.
490 _a1
_v1
_x2215-3209
505 _aVIAJANTES EZZACTA LAS DOÑAS ¡CALLADITO MÁS BONITO! MATERIA EXÓTICA EL CHICO DE LA ÚLTIMA FILA EL ÚLTIMO JUEGO EL CUARTO DE VERÓNICA FESTIVAL NACIONAL DE DANZA EN MACETA LOS ENREDOS DE JUAN VAINAS LOS DE CUADRADO VIAJEMOS EN COMEDIA ESTUDIANTES LA RAZÓN BÑINDADA MUJERES DE PAR EN PAR MUJERES CON AROMA DE CAFÉ...CONCERT
_tPRIMERA FILA
650 _2Tesauro de Arte & Arquitectura
_aARTE
650 _2Tesauro de Arte & Arquitectura
_aARTES ESCENICAS
_9702
650 _2Tesauro de Arte & Arquitectura
_aCIRCO
651 _2Tesauro de Arte & Arquitectura
_aTEATRO
942 _2ddc
_c1
_h792
_iS349p
_n0
999 _c4183
_d4183